| 000 | 00612nam a2200229Ia 4500 | ||
|---|---|---|---|
| 003 | OSt | ||
| 005 | 20220918225308.0 | ||
| 006 | a|||||r|||| 00| 0 | ||
| 007 | ta | ||
| 008 | 220917b |||||||| |||| 00| 0 eng d | ||
| 024 | _a239,644 | ||
| 037 | _cTextual | ||
| 040 |
_aARTS _cARTS _beng |
||
| 041 |
_2eng _aeng |
||
| 082 | _aO111:g, K7 | ||
| 100 |
_aClayborough Arthur _9150177 |
||
| 245 | 0 | _aGrotesque in english literature | |
| 260 |
_aOxford _bClarendon Press _c1965 |
||
| 650 | _aENGLISH LITERATURE | ||
| 942 |
_hO111:g, K7 _cTEXL _2CC |
||
| 999 |
_c284269 _d284269 |
||